000 00690nam a2200289Ia 4500
005 20260324115918.0
008 008 260324s9999 xx 000 0 eng d
020 _a9781315381176
037 _aEBOOK
040 _aCRL
040 _beng
040 _cCRL
041 _2eng
041 _aeng
084 _qCRL
100 _aCrista Arangala; Karen A. Yokley
_91156483
245 0 _aExploring Calculus
245 0 _bLabs and Projects with Mathematica
260 _bTaylor and Francis
260 _c2016
365 _a
365 _b400
856 _uhttp://www.taylorfrancis.com/books/9781315381176
942 _cEBOOK
999 _c1747719
_d1747719